• 首页
  • 本馆介绍
  • 公告通知
  • 最新文献
  • 馆藏检索
  • 电子资源
  • 读者导购
  • 参考咨询
  • 我的图书馆
  • 登录
  • 详细信息显示
  • 放入我的书架
  • 预约/预借图书
  • 作者相关作品
  • 分类相关作品
  • 丛书相关作品
  • 出版社相关作品

书目信息

  • 表格格式
  • 工作单格式
  • 卡片格式
题名:
世界简史
    
 
作者: 房龙 著 ;刘梅 译
分册:  
出版信息: 北京   中国友谊出版公司  2018
页数: 348页
开本: 24cm
丛书名:
单 册:
中图分类: C912.8 , K109
科图分类:
主题词: 社会地理学--she hui di li xue--世界--通俗读物 , 世界史--shi jie shi
电子资源:
ISBN: 978-7-5057-4309-0
000 01506nam0 2200361 450
001 438823
005 20140102135031.0
010    @a978-7-5057-4309-0@dCNY68.00
099    @aCAL 012018123072
100    @a20181008d2018 em y0chiy50 ea
101 1  @achi@ceng
102    @aCN@b110000
105    @ay z 000yy
106    @ar
200 1  @a世界简史@Ashi jie jian shi@f(美) 房龙著@g刘梅译
210    @a北京@c中国友谊出版公司@d2018
215    @a348页@d24cm
300    @a创美工厂
312    @a封面副题名:听房龙讲世界的样子
312    @a封面英文题名:A brief history of the world
314    @a亨德里克·威廉·房龙 (Hendrik Willem Van Loon) (1882-1944),荷兰裔美国作家和历史学家。1921年出版《人类简史》使他一举成名。主要作品《文明的开端》《太平洋的故事》《人类的艺术》《圣经的故事》《宽容》等。
330    @a本书共47章,主要内容包括人类及其家园;地理学的定义;我们生存的这个星球的特点、规律和状况;地图;地球的四季及其形成;海洋中的陆地;欧洲和生活在那里的民族等。
500 10 @aVan Loon's geography : the story of the world we live in@mChinese
510 1  @aBrief history of the world@zeng
517 1  @a听房龙讲世界的样子
606 0  @a社会地理学@Ashe hui di li xue@y世界@j通俗读物
606 0  @a世界史@Ashi jie shi
690    @aC912.8@v5
690    @aK109@v5
701  1 @a房龙@AFanglong@g(Van Loon, Hendrik Willem),@f1882-1944@4著@3CAL n2004380631#@7jt0yjt0y@7ec0yec0y
702  0 @a刘梅@Aliu mei@4译
801  0 @aCN@b上海新华@c20191020
905    @b1186578-81@dC912.8@e1608@f4
    
    世界简史/(美) 房龙著/刘梅译.-北京:中国友谊出版公司,2018
    348页;24cm
    创美工厂
    
    ISBN 978-7-5057-4309-0:CNY68.00
    本书共47章,主要内容包括人类及其家园;地理学的定义;我们生存的这个星球的特点、规律和状况;地图;地球的四季及其形成;海洋中的陆地;欧洲和生活在那里的民族等。
●
相关链接 在E读中查询图书 在五车中查询图书 在当当中查询图书 在豆瓣中查询图书


正题名:世界简史     索取号:C912.8/1608         预约/预借

序号 登录号 条形码 馆藏地/架位号 状态 备注
1 1186578   211865784   第一样本阅览室/ [索取号:C912.8/1608] 在馆    
2 1186579   211865793   第一借阅区/ [索取号:C912.8/1608] 在馆    
3 1186580   211865800   第一借阅区/ [索取号:C912.8/1608] 在馆    
4 1186581   211865819   第一借阅区/ [索取号:C912.8/1608] 在馆    
唐山师范学院图书馆 欢迎您!
大连网信软件有限公司© 版权所有